Представление документа в формате MARC21

ПолеНазваниеЗначение
  Тип записи a
  Библиографический уровень m
001 Контрольный номер RU/URAIT/590501
005 Дата корректировки 20260429163648.2
008 Кодируемые данные 260429s2026 RU y f j 000 0 rus u
020 Индекс ISBN __
a ISBN 978-5-534-21611-0
c Цена, тираж 2379.00
040 Источник каталогиз. __
a Служба первич. каталог. ИКО Юрайт
c Служба, преобразующая запись ИКО Юрайт
e Правила каталог. RCR
041 Код языка издания __
a Код языка текста rus
044 Код страны публикации __
a Код страны публикации RU
080 Индекс УДК __
a Индекс УДК 33(075.8)
084 Индекс другой классификации/Индекс ББК __
2 Источник индекса rubbk
a Индекс другой классификации/Индекс ББК 65я73
100 Автор __
a Автор Розанова Н. М.
q Полное имя Розанова Надежда Михайловна
245 Заглавие __
a Заглавие Экономика для юристов
b Продолж. заглавия учебник для вузов
c Ответственность Н. М. Розанова.
256 Характеристики компьютерного файла __
a Характеристики компьютерного файла Электрон. дан.
260 Выходные данные __
a Место издания Москва
b Издательство Юрайт
c Дата издания 2026
300 Физическое описание __
a Объем 464 с
440 Серия __
a Серия Высшее образование
500 Примечания __
a Примечание URL: https://urait.ru/bcode/590501 (дата обращения: 29.04.2026).
520 Аннотация __
a Аннотация Современного юриста сложно представить без хороших знаний экономической реальности. Вне зависимости от конкретной сферы юридической деятельности профессионал должен владеть экономическим инструментарием и для того, чтобы давать своим клиентам разумные советы, и для грамотной организации собственной юридической фирмы, и для представления более глубокой аргументации по своим делам в судебных инстанциях. Данный курс разработан специально для студентов юридических вузов и факультетов права. В нем излагаются базовые принципы экономики с опорой на особенности юридической практики. Сочетание глубины экономического анализа с юридически ориентированным подходом делает данный учебный курс уникальным как по форме изложения материала, так и по содержанию отдельных тем. Изложение материала дается в увлекательной форме по оригинальной методике автора. Теоретические положения иллюстрируются бизнес-примерами, образцами решения задач и направлениями исследовательской работы.
538 Прим. о системных особенностях __
a Прим. о системных особенностях Режим доступа: Электронно-библиотечная система Юрайт, для авториз. пользователей
653 Ключевые слова __
a Ключевые слова Экономика: общие работы
653 Ключевые слова __
a Ключевые слова Экономические науки
653 Ключевые слова __
a Ключевые слова Общая экономическая теория
653 Ключевые слова __
a Ключевые слова Экономика
653 Ключевые слова __
a Ключевые слова Основы экономики
653 Ключевые слова __
a Ключевые слова Основы экономической теории
653 Ключевые слова __
a Ключевые слова Экономика (Основы экономических теорий)
653 Ключевые слова __
a Ключевые слова Экономическая теория
653 Ключевые слова __
a Ключевые слова Введение в экономику
653 Ключевые слова __
a Ключевые слова Экономика (экономическая теория)
653 Ключевые слова __
a Ключевые слова Введение в экономическую теорию
653 Ключевые слова __
a Ключевые слова Основы экономики и бизнеса для юристов
653 Ключевые слова __
a Ключевые слова Основы экономики для юристов
653 Ключевые слова __
a Ключевые слова Теория экономических учений
653 Ключевые слова __
a Ключевые слова Экономическая теория: микроэкономика
653 Ключевые слова __
a Ключевые слова Экономика для юристов
856 Электронный адрес документа 40
n Местонахождение сервера Юрайт
g Электронная книга
q Тип электронного формата html
h Имя пользователя ЮРАЙТ
v Часы доступа к ресурсу 20271231
2 Способ доступа Показать документ
x Служебное примечание https://urait.ru/book/cover/9AAA80A7-8B45-479E-B52F-EC92A13858D0
u URL https://urait.ru/bcode/590501
856 Электронный адрес документа 48
q Тип электронного формата cover
u URL https://urait.ru/book/cover/9AAA80A7-8B45-479E-B52F-EC92A13858D0
911 __
u 0030=https://urait.ru/bcode/590501
911 __
u 073a=9785534216110
u 073d=2379.00
911 __
u 106a=s
911 __
u 900l=
952 Тип литературы __
i Дисциплина Общая экономическая теория
952 Тип литературы __
i Дисциплина Экономика
952 Тип литературы __
i Дисциплина Основы экономики
952 Тип литературы __
i Дисциплина Основы экономической теории
952 Тип литературы __
i Дисциплина Экономика (Основы экономических теорий)
952 Тип литературы __
i Дисциплина Экономическая теория
952 Тип литературы __
i Дисциплина Введение в экономику
952 Тип литературы __
i Дисциплина Экономика (экономическая теория)
952 Тип литературы __
i Дисциплина Введение в экономическую теорию
952 Тип литературы __
i Дисциплина Основы экономики и бизнеса для юристов
952 Тип литературы __
i Дисциплина Основы экономики для юристов
952 Тип литературы __
i Дисциплина Теория экономических учений
952 Тип литературы __
i Дисциплина Экономическая теория: микроэкономика
952 Тип литературы __
i Дисциплина Экономика для юристов